000 01146nam a2200265 a 4500
003 AM-YeHGA
040 _aAM-YeHGA
090 _c494667
001 001041580
005 20250617162522.0
008 141017s1930 ||||||||||||||||||||rus|c
041 0 _arus
100 1 _aТамамшев, А.З.
110 2 _aТруды экспедиции по обследованию сельского хозяйства ССР Армении в 1926 году
245 1 0 _aЖивотноводство /
_cА.З. Тамамшев ; Под ред. А.З. Тамамшев.
260 _aЕреван :
_bИзд. Наркомзема ССР Армении,
_c1930.
300 _aвыпуск
_b
_c
440 0 _aНародный комиссариат земледелия ССР Армении
504 _aПрилож. : с. 502-529
504 _aЛит. : с. 530-532
505 1 0 _gВып. 1. Серия 2 (1930, 535 с., ил.)
_tМатериалы по изучению животноводства ССР Армении)
650 1 4 _aЖивотноводство
700 1 _aТамамшев, А.З.
_eред.
_4edt
942 _2udc
_cBK
999 _c491295
_d491295